| 000 | 00755cam a22002654a 4500 | ||
|---|---|---|---|
| 003 | UPN | ||
| 005 | 20220905204333.0 | ||
| 008 | 090209s2006 mx r 000 0 spa d | ||
| 020 | _a9707704950 | ||
| 035 | _aUPN01000169030 | ||
| 040 |
_aUPN _bspa _cUPN |
||
| 049 | _aCG | ||
| 050 | 4 |
_aPN6231 P6 _bS34 |
|
| 100 | 1 |
_aSchmit, Samuel, _d1950- _934311 |
|
| 245 | 1 | 0 |
_aEn la mira : _bel chiste político en México. |
| 250 | _aPrimera edición | ||
| 260 |
_aMéxico : _bTaurus, _c2006. |
||
| 300 | _a397 páginas | ||
| 490 | 0 | _aPensamiento | |
| 650 | 4 |
_aSátira política mexicana _923134 |
|
| 650 | 4 |
_aPolítica _vAnécdotas, chistes, sátiras, etc. _946161 |
|
| 650 | 4 |
_aHumorismo y agudezas mexicanos _93035 |
|
| 905 | _aLibro | ||
| 942 |
_2lcc _cLIBRO |
||
| 999 |
_c141136 _d141136 |
||